|
|
|
|
| LEADER |
00876nam a2200253 a 4500 |
| 003 |
BD-DhAAL |
| 005 |
20150921154846.0 |
| 008 |
150921t19921991nyua 001 0 eng d |
| 020 |
|
|
|a 0671749102
|
| 020 |
|
|
|a 0671792806 (pbk.)
|
| 040 |
|
|
|a ATF
|c ATF
|d TMS
|d SMI
|d BD-DhAAL
|
| 082 |
|
|
|a 158/.1
|
| 100 |
1 |
|
|a Covey, Stephen R.
|9 14974
|
| 245 |
1 |
0 |
|a Principle-centered leadership /
|c Stephen R. Covey.
|
| 260 |
|
|
|a New York, N.Y. :
|b Simon & Schuster,
|c 1992, c1991.
|
| 300 |
|
|
|a 334 p. :
|b ill. ;
|c 22 cm.
|
| 500 |
|
|
|a "A Fireside Book."
|
| 541 |
|
|
|e 2654
|
| 650 |
|
0 |
|a Success
|x Psychological aspects
|9 12172
|
| 650 |
|
0 |
|a Success in business
|9 14975
|
| 650 |
|
0 |
|a Leadership
|9 14976
|
| 942 |
|
|
|2 ddc
|c BK
|
| 999 |
|
|
|c 35641
|d 35641
|
| 952 |
|
|
|0 0
|1 0
|2 ddc
|4 0
|6 158_000000000000000__1_COV
|7 0
|9 56053
|a SCL
|b SCL
|c GEN
|d 2015-09-21
|l 1
|o 158.1 COV
|p 3020002654
|r 2025-03-11
|s 2025-02-17
|t 1
|w 2015-09-21
|y BK
|